| 000 | 01497nam a2200337 i 4500 | ||
|---|---|---|---|
| 001 | 179213 | ||
| 003 | ES-MaACL | ||
| 005 | 20250603171334.0 | ||
| 008 | 111006s2011 sp |||| | spa d | ||
| 020 | _a978-84-88282-94-1 | ||
| 080 | _a35(460) | ||
| 100 | 1 |
_aÁlvarez Rico, Manuel. _920933 |
|
| 245 | 1 | 0 |
_aAdministración y empleo público en España / _cManuel Álvarez Rico, Vicente María González-Haba Guisado, Enrique Orduña Prada. |
| 260 |
_aGranada : _bCEMCi, _c2011. |
||
| 300 |
_a563 p. ; _c24 cm. |
||
| 490 | 1 |
_aAnálisis y comentarios ; _v34 |
|
| 504 | _aBibliografía: p. 547-563. | ||
| 520 | _a1. Introducción. 2. La administracón como organización. 3. Burocracia y empleo público. 4. La administración y las nuevas tecnologías. | ||
| 650 | 4 |
_aInternet en la administración pública. _9143243 |
|
| 651 | 7 |
_aEspaña- _xAdministración _2 _9148152 |
|
| 651 | 4 |
_aEspaña- _xAdministración- _xPersonal. _9148157 |
|
| 700 | 1 |
_aGonzález-Haba Guisado, Vicente María. _958698 |
|
| 700 | 1 |
_aOrduña Prada, Enrique. _9148153 |
|
| 710 | 2 |
_aCentro de Estudios Municipales y de Cooperación Internacional. _9148159 |
|
| 830 | 0 |
_aAnálisis y comentarios ; _v34 _9224426 |
|
| 852 |
_aES-MaACL _9186091 _bR.147198 _jA-11653 _dOlim: N-4658 _zDedicatoria autógrafa de Manuel Álvarez Rico _xDonación: del autor _cDEPO1 |
||
| 903 |
_920933 _aÁlvarez Rico, Manuel _ednr |
||
| 942 |
_2udc _cMONOGRAFIA |
||
| 999 |
_c179213 _d179213 |
||